000 00742nam a22001817a 4500
008 120626t xxu||||| |||| 00| 0 eng d
020 _a0070063214
050 _aQA154.2.m B261
100 _aBarnett, Raymond A.
245 _aCollege algebra. /
_cRaymond A Barnett
250 _a6 ed
260 _aBoston:
_bMcGraw-Hill,
_c1999.
300 _axv,657 p. + varrious pagings:
_bill.;
_c24cm.
505 _aContents: Basic algebra operations -- Equations and inequalities -- Graphs and functions -- Matrices and determinants -- Sequences and series -- Additional topics in analytic geometry -- Appendix A: Significant digits -- Appendix B: Geometric formulas.
700 _aZiegler, Michael R.
700 _aByleen, Karl E.
942 _2lcc
_cBK
999 _c1573
_d9073